000
00320nam a22001457a 4500
003
OSt
008
250506b |||||||| |||| 00| 0 eng d
100
_a
RAI,Laala Laajpat
245
_a
Aryasamaj
250
_a
1st
260
_a
New Delhi
_b
Tilak Raj Arya
_c
2001
300
_a
231
650
_a
General
942
_2
ddc
_c
BK
999
_c
13544
_d
13544